000 00389nam a22001457a 4500
005 20150425115308.0
008 150425b xxu||||| |||| 00| 0 eng d
040 _cPK-LaUMT
082 _aKHC 954.918
_bSAY-S
100 _aسید ، جی ایم
245 _aسندھ کی آواز
_cجی ایم سید
260 _aلاہور
_bفکشن ہاوس
_c2003
300 _a344 ص
942 _cBK
999 _c70398
_d70398